000 00295nam a2200109Ia 4500
008 200302s9999 xx 000 0 und d
100 _aThe Course Team
245 _aThe Public Client and the Construction Industries
260 _bHer Majesty s Stationery Office
260 _c1975
300 _a126 P.,
999 _c499
_d499